[Event "St Helier op"]
[Site "St Helier"]
[Date "1998.??.??"]
[Round "3"]
[White "Plaskett, Jim"]
[Black "Simons, Martin"]
[Result "1-0"]
[WhiteElo "2445"]
[BlackElo "2145"]
[PlyCount "69"]
[EventDate "1998.??.??"]
[Source "ChessBase"]
[SourceDate "1998.11.10"]

{COPYRIGHT WARNING: This game has been prepared by Chess Publishing Ltd for the exclusive private use of guest users, and may not be redistributed in any way without the prior written consent of Chess Publishing Ltd.}

1. e4 Nc6 2. d4 d5 3. Nc3 dxe4 4. d5 Ne5 5. Bf4 Ng6 6. Bg3 f5 7. Nh3 e5 8. dxe6
Qxd1+ 9. Rxd1 Bb4 10. Bxc7 Bxe6 11. Bb5+ Ke7 12. Ng5 Nf6 13. Nxe6 Kxe6 14. Rd4
Rhc8 15. Rxb4 Rxc7 16. O-O Ne5 17. f3 exf3 18. gxf3 Nd5 19. Nxd5 Kxd5 20. c3 a6
21. Be2 Nc6 22. Rd1+ Ke5 23. f4+ Kf6 24. Rb6 Re8 25. Bf3 Re6 26. Kf2 h6 27. h4
g5 28. Bd5 Rd6 29. Bxc6 Rdxc6 30. Rd6+ Rxd6 31. Rxd6+ Kg7 32. hxg5 hxg5 33.
fxg5 Rc4 34. Kf3 Rg4 35. Rb6 1-0